|
|
|
|
| LEADER |
00000nab a2200000 ar4500 |
| 001 |
vtls008836923 |
| 003 |
SK-MaSNL |
| 005 |
20260318121721.0 |
| 008 |
060726c20060726xo |||||||| 000 b|hun |
| 015 |
|
|
|a SNBRB2006/07
|2 snkbucl
|
| 038 |
|
|
|a SNKBUCL
|
| 040 |
|
|
|a DSZK
|b slo
|c DSZK
|e AACR2
|d SNKBUCL
|
| 041 |
0 |
|
|a hun
|
| 044 |
|
|
|a xo
|c SK
|
| 080 |
|
|
|a 061.235
|x (437.6)
|2 1997
|
| 080 |
|
|
|a 339.726.2
|x (548.7)
|2 1997
|
| 100 |
1 |
|
|a Lőrincz, Adrián,
|d 1972-
|4 aut
|9 330033
|
| 245 |
1 |
0 |
|a Üdvözlet Arahenából - másfél évvel később
|b július harmadikán ért véget a Veszélyeztetett Ember Polgári Társulás munkatársainak mintegy húsz hónapos kiküldetése a Srí Lanka-i szlovák faluban
|c Lőrincz Adrián
|
| 300 |
|
|
|b Fotogr.
|
| 610 |
1 |
7 |
|a Človek v ohrození (občianske združenie : Slovensko)
|x humanitárna pomoc
|z Srí Lanka
|2 snkbucl
|9 1584045
|
| 650 |
0 |
7 |
|a humanitárna pomoc
|2 snkbucl
|9 4224
|
| 651 |
|
7 |
|a Srí Lanka
|2 snkbucl
|9 111030
|
| 773 |
0 |
|
|t Új szó
|g Évf. 59, sz. 170 (26.7.2006), o. 14
|
| 852 |
|
|
|a SNK
|b KIS3GCP
|
| 852 |
|
|
|a DSZK
|b KIS3GCP
|
| 958 |
|
|
|a HU
|
| 958 |
|
|
|a LK
|
| 958 |
|
|
|a SK
|
| 999 |
|
|
|c 3239821
|d 3241751
|